000 01034nam a22003017a 4500
001 9385
003 FISKH
005 20251217122702.0
008 251217b cb ||||| |||| 00| 0 eng d
020 _a9780201641134
040 _aFISKH
_beng
_cFISKH
_dFISKH
050 _aPZ7
082 _a599.9
100 _aAhlstrom, Vickie
_eAuthor
245 _aI want to be a scientist like Jane Goodall /
_cWritten by Vickie Ahlstrom ; Illustrated by Jim Madsen
260 _aUtah :
_bWaterford Institute Inc. ,
_c2007
300 _a14 pages :
_bcolor illustrations ;
_c18 x 23 cm
490 _aI want to be a scientist like...
505 _aN
520 _aJane Goodall changed scientific thinking about chimpanzees and human development. She is recognized as the world's foremost authority on chimpanzees.
521 8 _a550
_bLexile
521 8 _aN
_bRaz-Plus
650 _aBiography
_vHomeschool
650 _aJane Goodall
_vLife science
700 _aMadsen, Jim
_eIllustrator
942 _2ddc
_cBK
_n0
999 _c9385
_d9385